Language Quiz

Random Language or Food Quiz

Find the Food in German Quiz Stats

 Plays Quiz Updated May 26, 2019

Support Sporcle.
Go Orange.
Score 0/20 Timer 05:00
1 Play Today
% Correct
Brokkoli
95.6%
Olive
95.3%
Pasta
93.4%
Apfel
93.2%
Pommes Frites
92.8%
Mais
91.3%
Salat
91.2%
Torte
83.4%
Ananas
83%
Zucker
82.4%
% Correct
Ei
80.3%
Käse
77.1%
Brot
76.5%
Schinken
67.3%
Eis
64.9%
Kartoffel
64.8%
Erdbeere
62.7%
Pastinake
53.2%
Trauben
51%
Pilz
50.1%

You're not logged in!

Compare scores with friends on all Sporcle quizzes.
OR
Log In

From the Vault

People with Surname Spaces

by Spacemaniac

These people know the importance of a well-placed space.
Remove Ads.
Support Sporcle.
Get the best of Sporcle when you Go Orange. This ad-free experience offers more features, more stats, and more fun while also helping to support Sporcle. Thank you for becoming a member.

Show Comments

Extras

Top Quizzes Today


Score Distribution

Your Account Isn't Verified!

In order to create a playlist on Sporcle, you need to verify the email address you used during registration. Go to your Sporcle Settings to finish the process.

Report this User

Report this user for behavior that violates our Community Guidelines.

Details: